| 000 | 00466 a2200133 4500 | ||
|---|---|---|---|
| 020 | _a084938284X (alk. paper) | ||
| 082 | _a620.130426 BAZ | ||
| 100 | _aBažant, Z. P. | ||
| 245 |
_aFracture and size effect in concrete and other quasibrittle materials / _cZdeněk P. Bažant, Jaime Planas. |
||
| 260 |
_aBoca Raton : _bCRC Press, _c1998. |
||
| 300 |
_axxii, 616 p. : _bill. ; _c26 cm. |
||
| 650 |
_aConcrete _xFracture,. |
||
| 650 | _aFracture mechanics. | ||
| 650 | _aElastic analysis (Engineering) | ||
| 999 |
_c833 _d833 |
||